00824nam a2200241 i 450000100060000000300090000600500170001500700030003200800410003502000180007608000100009410000300010424501120013426000320024630000220027849000160030065000290031670000410034583000240038685200330041099900170044395201220046015134ES-MaACL20250728043234.0t|991223s1999 sp ||||1| spa d a84-306-0342-5 a321.71 aDahl, Robert Alan.94244113aLa democracia b: una guía para los ciudadanos / cRobert A. Dahl ; traducción de Fernando Vallespín. aMadrid : bTaurus, c[1999] a246 p. ; c21 cm.1 aPensamiento 7aDemocracia2embne9115741 aVallespín Oña, Fernando.91129020 aPensamiento9178722 aES-MaACLjL-22331 bR.127799 c15134d15134 00104070aATENEOMbATENEOMcDEPO2d2008-01-17eSCl0oL-22331p1015390r2023-02-23 00:00:00w2023-02-23yMONOGRAFIA